00769nam a2200181 a 450000100100000000500170001000800410002704000250006810000360009324501460012926000530027530000210032870000410034970000380039070000360042895201060046499900170057000003520620200930074157.0111026s1757 sp 000 0 spa d aDO-SdBNPbspacBNPHU1 aFrancois Damiens, Robert96095010aPieces originales et procedures du proces, fait à Robert-François Damiens, tant en la Prévôte de l'Hotel, qu'en la Cour de Parlement. aParis :bChez Pierre-Guillaume Simon ...,c1757. a610 p. ;c25 cm.1 aLe Breton, Alexandre-André,9609511 aDamiens, Robert François9609521 aSimon, Pierre Guillaume,960953 0010507-18RVaGRbGRcOId2011-10-26iLF1l0o p35206-10r2020-06-25w2020-06-25y1ZNo se presta c34697d34697